On This Day: February 4th Quiz Stats

 Plays Quiz Updated Feb 4, 2018

Score 0/7 Timer 03:00
0 Plays Today
Question Answer Wrong Answers
This social network, which was originally intended only for Harvard students, is founded.
2004
Facebook
92.1%
Twitter
2.5%
Snapchat
1.9%
Instagram
1.4%
Delegates from six southern states meet in Montgomery, Alabama to form this organization.
1861
The Confederate States of America
88%
Electoral College
2.5%
Republican Party
6.9%
Red Cross
1.7%
This granddaughter of a famous publishing magnate is seemingly kidnapped, although she was later convicted for bank robbery along with her kidnappers.
1974
Patty Hearst
85.3%
Leslie Nast
1.4%
Elisabeth Murdoch
8.4%
Mathilde McCormick
2.9%
This American civil rights activist, whose arrest began the Montgomery Bus Boycott, is born.
1913
Rosa Parks
83.3%
Martin Luther King
12%
Malcolm X
2.4%
Maya Angelou
0.9%
This classic novel is published. It would later inspire numerous film adaptations, the most famous of which stars Daniel Day-Lewis.
1826
The Last of the Mohicans
78.7%
The Crucible
6.4%
Ivanhoe
3%
Pride and Prejudice
11.4%
Britain issues a formal declaration of cessation of hostilities in this conflict.
1783
American Revolutionary War
75.3%
French and Indian War
11.1%
War of the British Succession
4.7%
Napoleonic Wars
8.8%
This radioactive element is made synthetically for the first time.
1936
Radium
35.6%
Uranium
56.4%
Lead
1.8%
Thorium
4.4%

You're not logged in!

Compare scores with friends on all Sporcle quizzes.
OR
Log In

You Might Also Like...

Show Comments

Extras

Top Quizzes Today


Score Distribution

Your Account Isn't Verified!

In order to create a playlist on Sporcle, you need to verify the email address you used during registration. Go to your Sporcle Settings to finish the process.

Report this User

Report this user for behavior that violates our Community Guidelines.

Details: